| 000 | 00409nam a22001697a 4500 | ||
|---|---|---|---|
| 999 |
_c532655 _d532655 |
||
| 003 | NUST | ||
| 005 | 20191127122901.0 | ||
| 008 | 191127b ||||| |||| 00| 0 eng d | ||
| 027 | _q B07C88JRXW | ||
| 038 | _aMSOHAIL | ||
| 082 | _a0 | ||
| 100 |
_aDr. Israr Ahmed _926279 |
||
| 245 | _aHaqeeqat o Aqsaam o Shirq | ||
| 260 |
_aLahore _bMaktaba Kharamul Quran _cc2015 |
||
| 300 | _ap; 128 | ||
| 942 |
_2ddc _cBK |
||